[Event "LK jeugd t/m 12 jaar"]
[Site "Buggenum"]
[Date "2007.12.29"]
[Round "7"]
[White "Van Mulekom, Maureen"]
[Black "Peeters, Victor"]
[Result "1-0"]
[WhiteElo "903"]
[BlackElo "978"]
[PlyCount "131"]
[EventDate "2007.12.28"]
[EventType "tourn"]
[EventRounds "17"]
[EventCountry "NED"]
[Source "P.Boonen"]
[SourceDate "2015.01.01"]

1. e4 e5 2. Nf3 Nc6 3. Bc4 Nf6 4. Ng5 d5 5. exd5 Nxd5 6. d3 Be7 7. Ne4 O-O 8.
O-O Nf6 9. Nbc3 Bg4 10. Nxf6+ Bxf6 11. Qxg4 Re8 12. Nd5 Nd4 13. c3 Ne6 14.
Nxf6+ Qxf6 15. Bxe6 Rxe6 16. Re1 Rd8 17. Qg3 h6 18. d4 exd4 19. Rxe6 Qxe6 20.
h3 c6 21. cxd4 Rxd4 22. Bxh6 Qxh6 23. Qb8+ Kh7 24. Qxb7 Qd6 25. g3 Qd7 26. Qxd7
Rxd7 27. Re1 Rd2 28. Re7 a6 29. Ra7 Rxb2 30. Rxa6 c5 31. Rc6 Rxa2 32. Rxc5 f6
33. f4 Ra3 34. Kf2 Kh6 35. Rc7 g5 36. fxg5+ Kxg5 37. Rg7+ Kh6 38. Rg4 Ra2+ 39.
Kf3 Ra3+ 40. Kf4 Ra4+ 41. Kf5 Rxg4 42. hxg4 Kg7 43. g5 fxg5 44. Kxg5 Kg8 45.
Kh6 Kf8 46. g4 Kf7 47. g5 Kf8 48. Kh7 Ke7 49. g6 Kd6 50. g7 Kd5 51. g8=Q+ Ke5
52. Qc4 Kd6 53. Qb5 Ke6 54. Qc5 Kd7 55. Qb6 Ke7 56. Kg6 Kd7 57. Qf6 Kc7 58. Qe6
Kd8 59. Qf7 Kc8 60. Qe7 Kb8 61. Qd7 Ka8 62. Kf6 Kb8 63. Ke6 Ka8 64. Kd6 Kb8 65.
Kc6 Ka8 66. Qb7# 1-0

[Event "LK jeugd t/m 12 jaar"]
[Site "Buggenum"]
[Date "2007.12.29"]
[Round "8"]
[White "Broens, Damian"]
[Black "Maessen, Roy"]
[Result "0-1"]
[WhiteElo "854"]
[BlackElo "1224"]
[PlyCount "114"]
[EventDate "2007.12.28"]
[EventType "tourn"]
[EventRounds "17"]
[EventCountry "NED"]
[Source "P.Boonen"]
[SourceDate "2015.01.01"]

1. e4 d5 2. Nc3 dxe4 3. Nxe4 Bf5 4. f3 Bxe4 5. fxe4 Nf6 6. e5 Nfd7 7. Nf3 Nc6
8. d4 e6 9. Bg5 Be7 10. Bxe7 Qxe7 11. Bb5 Qb4+ 12. Qd2 Qxb5 13. O-O-O O-O-O 14.
Qd3 Qxd3 15. Rxd3 Nb4 16. Rd2 Nxa2+ 17. Kb1 Nb4 18. c3 Nc6 19. Ne1 Ndxe5 20.
Nf3 Nxf3 21. gxf3 e5 22. d5 Ne7 23. Rhd1 c6 24. d6 Nf5 25. d7+ Kc7 26. b4 Ne3
27. Re1 Nc4 28. Rd3 Rxd7 29. Rxd7+ Kxd7 30. Rd1+ Ke6 31. h4 Ke7 32. h5 Rd8 33.
Rxd8 Kxd8 34. Kc2 Nb6 35. Kd3 Ke7 36. Ke4 Ke6 37. f4 exf4 38. Kxf4 Na4 39. c4
Nb2 40. c5 Nd3+ 41. Ke4 Nxb4 42. Kd4 Na6 43. Kc4 b5+ 44. cxb6 axb6 45. Kb3 f5
46. Kc3 b5 47. Kd3 c5 48. Kc2 f4 49. Kd2 b4 50. Kd3 f3 51. Kc4 f2 52. Kb5 f1=Q+
53. Ka4 c4 54. Kb5 c3+ 55. Ka4 c2 56. Kb3 c1=Q 57. Ka4 Qa3# 0-1

[Event "LK jeugd t/m 12 jaar"]
[Site "Buggenum"]
[Date "2007.12.29"]
[Round "8"]
[White "Cremers, Daan"]
[Black "Linssen, Freek"]
[Result "1/2-1/2"]
[WhiteElo "1055"]
[BlackElo "1146"]
[PlyCount "55"]
[EventDate "2007.12.28"]
[EventType "tourn"]
[EventRounds "17"]
[EventCountry "NED"]
[Source "P.Boonen"]
[SourceDate "2015.01.01"]

1. e4 c5 2. Nf3 d6 3. Nc3 Nc6 4. Bc4 g6 5. d3 Nf6 6. O-O Bg7 7. Bf4 Bd7 8. h3
O-O 9. Qd2 a6 10. a3 b5 11. Bd5 Nxd5 12. Nxd5 Bxb2 13. Bh6 e6 14. Rab1 Bg7 15.
Bxg7 Kxg7 16. Nc3 b4 17. axb4 cxb4 18. Ne2 a5 19. d4 d5 20. e5 f6 21. exf6+
Qxf6 22. Qg5 Qxg5 23. Nxg5 h6 24. Nf3 a4 25. Ne5 Nxe5 26. dxe5 Bb5 27. Rfe1
Bxe2 28. Rxe2 1/2-1/2

[Event "LK jeugd t/m 12 jaar"]
[Site "Buggenum"]
[Date "2007.12.29"]
[Round "8"]
[White "De Ridder, Naomi"]
[Black "Van Mulekom, Maureen"]
[Result "1-0"]
[WhiteElo "1148"]
[BlackElo "903"]
[PlyCount "129"]
[EventDate "2007.12.28"]
[EventType "tourn"]
[EventRounds "17"]
[EventCountry "NED"]
[Source "P.Boonen"]
[SourceDate "2015.01.01"]

1. e4 e5 2. Nf3 Nc6 3. Nc3 Nf6 4. d4 Bd6 5. Bg5 O-O 6. Nd5 Be7 7. dxe5 Nxe4 8.
Bxe7 Nxe7 9. Be2 Nxd5 10. Qxd5 Ng5 11. e6 Nxf3+ 12. Bxf3 dxe6 13. Qe4 c6 14.
Be2 Qa5+ 15. c3 Qb6 16. Bd3 f5 17. Qb4 Qxb4 18. cxb4 b5 19. O-O e5 20. Rad1 e4
21. Bc2 Rf6 22. Rd8+ Rf8 23. Bb3+ Be6 24. Bxe6+ Kh8 25. Rxa8 Rxa8 26. Bxf5 a5
27. bxa5 Rxa5 28. a3 b4 29. Bxe4 bxa3 30. bxa3 Rxa3 31. Bxc6 h6 32. Re1 g5 33.
h3 Kg7 34. Re6 Ra1+ 35. Kh2 h5 36. Bf3 h4 37. Re5 Kf6 38. Rd5 Rf1 39. Rd2 Kf5
40. Bg4+ Kf4 41. g3+ hxg3+ 42. fxg3+ Ke3 43. Re2+ Kd3 44. h4 gxh4 45. gxh4 Rf4
46. Rg2 Ke3 47. h5 Rf8 48. Bd1 Rh8 49. Rg6 Kd2 50. Bg4 Ke3 51. h6 Rxh6+ 52.
Rxh6 Kf4 53. Kg2 Kxg4 54. Rf6 Kg5 55. Rf3 Kg4 56. Rf8 Kg5 57. Kg3 Kg6 58. Kf4
Kg7 59. Rf5 Kg6 60. Ke5 Kg7 61. Ke6 Kg8 62. Rf7 Kh8 63. Kf6 Kg8 64. Kg6 Kh8 65.
Rf8# 1-0

[Event "LK jeugd t/m 12 jaar"]
[Site "Buggenum"]
[Date "2007.12.29"]
[Round "8"]
[White "Huibers, Lars"]
[Black "Katoen, Tom"]
[Result "1-0"]
[WhiteElo "721"]
[BlackElo "832"]
[PlyCount "39"]
[EventDate "2007.12.28"]
[EventType "tourn"]
[EventRounds "17"]
[EventCountry "NED"]
[Source "P.Boonen"]
[SourceDate "2015.01.01"]

1. e4 c5 2. Nf3 d6 3. Bb5+ Bd7 4. Bxd7+ Qxd7 5. Nc3 Nc6 6. O-O Nf6 7. d3 g6 8.
Bg5 Bg7 9. Bxf6 Bxf6 10. Qe2 Bg7 11. Rad1 O-O 12. Ng5 Ne5 13. Qe3 Bf6 14. Nd5
Bxg5 15. Qxg5 Rfe8 16. f4 Ng4 17. f5 Ne5 18. Qh6 e6 19. Nf6+ Kh8 20. Qxh7# 1-0

[Event "LK jeugd t/m 12 jaar"]
[Site "Buggenum"]
[Date "2007.12.29"]
[Round "8"]
[White "Verstappen, Thom"]
[Black "Meeuwissen, Tom"]
[Result "0-1"]
[WhiteElo "458"]
[BlackElo "477"]
[PlyCount "50"]
[EventDate "2007.12.28"]
[EventType "tourn"]
[EventRounds "17"]
[EventCountry "NED"]
[Source "P.Boonen"]
[SourceDate "2015.01.01"]

1. e4 e5 2. Nf3 Nc6 3. Bd3 Nf6 4. Nc3 Bc5 5. Qe2 Bb4 6. Nd5 Nxd5 7. exd5 O-O 8.
dxc6 dxc6 9. Qe4 g6 10. Nxe5 Qd5 11. Qe3 Qxg2 12. Rf1 Re8 13. Be4 Rxe5 14. c3
Rxe4 15. Qxe4 Qxe4+ 16. Kd1 Bh3 17. Re1 Bg4+ 18. f3 Bxf3+ 19. Re2 Bxe2+ 20. Ke1
Bd3+ 21. Kf2 Qe2+ 22. Kg3 Be4 23. cxb4 Qf3+ 24. Kh4 Bf5 25. d4 Qg4# 0-1

[Event "LK jeugd t/m 12 jaar"]
[Site "Buggenum"]
[Date "2007.12.29"]
[Round "8"]
[White "Wing Kee Yiek"]
[Black "Van Meegen, Ruud"]
[Result "0-1"]
[WhiteElo "738"]
[BlackElo "1434"]
[PlyCount "40"]
[EventDate "2007.12.28"]
[EventType "tourn"]
[EventRounds "17"]
[EventCountry "NED"]
[Source "P.Boonen"]
[SourceDate "2015.01.01"]

1. e4 c5 2. Nf3 d6 3. Bb5+ Bd7 4. Bxd7+ Nxd7 5. O-O g6 6. Ng5 Bg7 7. a3 Ngf6 8.
Qf3 O-O 9. Qf4 Nh5 10. Qh4 e6 11. d3 Ne5 12. Bf4 h6 13. Bxe5 hxg5 14. Qg4 Bxe5
15. c3 d5 16. Rd1 dxe4 17. dxe4 Qc7 18. Qh3 Rad8 19. Rxd8 Rxd8 20. c4 Rd1# 0-1

[Event "LK jeugd t/m 12 jaar"]
[Site "Buggenum"]
[Date "2007.12.29"]
[Round "9"]
[White "Katoen, Tom"]
[Black "Yue, Tim"]
[Result "0-1"]
[WhiteElo "832"]
[BlackElo "1325"]
[PlyCount "78"]
[EventDate "2007.12.28"]
[EventType "tourn"]
[EventRounds "17"]
[EventCountry "NED"]
[Source "P.Boonen"]
[SourceDate "2015.01.01"]

1. c4 Nf6 2. d3 e5 3. Nf3 Nc6 4. g3 Be7 5. Bg2 O-O 6. O-O Re8 7. Nc3 d6 8. Bg5
Be6 9. d4 Bxc4 10. d5 Nb4 11. e4 Bxf1 12. Qxf1 c6 13. dxc6 Nxc6 14. Nh4 Nd4 15.
Nf5 Nxf5 16. exf5 Qd7 17. Qd3 Rac8 18. Nd5 Nxd5 19. Bxe7 Nxe7 20. g4 f6 21. h4
b6 22. g5 fxg5 23. hxg5 Qxf5 24. Bd5+ Kh8 25. Be4 Qxg5+ 26. Kf1 Rc1+ 27. Rxc1
Qxc1+ 28. Kg2 Qg5+ 29. Kf3 Qf6+ 30. Ke2 Ng6 31. Bc6 Nf4+ 32. Kd2 Nxd3 33. Bxe8
Nxb2 34. Bb5 Qxf2+ 35. Kc3 Qc5+ 36. Kxb2 Qxb5+ 37. Ka1 Qb4 38. a4 Qxa4+ 39. Kb2
Qc4 0-1

[Event "LK jeugd t/m 12 jaar"]
[Site "Buggenum"]
[Date "2007.12.29"]
[Round "9"]
[White "Klokgieters, Jeroen"]
[Black "Huibers, Lars"]
[Result "1/2-1/2"]
[WhiteElo "944"]
[BlackElo "721"]
[PlyCount "85"]
[EventDate "2007.12.28"]
[EventType "tourn"]
[EventRounds "17"]
[EventCountry "NED"]
[Source "P.Boonen"]
[SourceDate "2015.01.01"]

1. e4 e5 2. Nf3 Nc6 3. Nc3 Nf6 4. Bc4 Nxe4 5. Nxe4 d5 6. Bxd5 Qxd5 7. d3 Bf5 8.
Qe2 Nd4 9. Nxd4 Qxd4 10. c3 Qd5 11. O-O Bc5 12. h3 Bxe4 13. Qxe4 Qxe4 14. dxe4
O-O 15. Bg5 f6 16. Bh4 Rad8 17. Rad1 Rxd1 18. Rxd1 g5 19. Bg3 f5 20. exf5 Rxf5
21. Re1 Bd6 22. h4 gxh4 23. Bxh4 Kg7 24. g4 Rf4 25. Kg2 h5 26. f3 hxg4 27. fxg4
Rxg4+ 28. Kh3 Rg6 29. Bg3 Re6 30. Rg1 Rg6 31. Kh2 e4 32. Kh3 Bxg3 33. Rxg3
Rxg3+ 34. Kxg3 Kf6 35. Kf4 Ke6 36. Kxe4 c5 37. b3 Kd6 38. Kd3 b5 39. c4 bxc4+
40. Kxc4 Kc6 41. b4 cxb4 42. Kxb4 Kb6 43. a4 1/2-1/2

[Event "LK jeugd t/m 12 jaar"]
[Site "Buggenum"]
[Date "2007.12.29"]
[Round "9"]
[White "Maessen, Roy"]
[Black "Cremers, Daan"]
[Result "1-0"]
[WhiteElo "1224"]
[BlackElo "1055"]
[PlyCount "67"]
[EventDate "2007.12.28"]
[EventType "tourn"]
[EventRounds "17"]
[EventCountry "NED"]
[Source "P.Boonen"]
[SourceDate "2015.01.01"]

1. d4 d5 2. Nf3 Nc6 3. e3 Nf6 4. Bd3 e6 5. O-O Bd7 6. b3 Bd6 7. Bb2 Qe7 8. Ne5
O-O-O 9. Nd2 Nb4 10. Be2 Ne4 11. Nxe4 dxe4 12. Bh5 g6 13. Be2 a6 14. a3 Nc6 15.
Nxc6 Bxc6 16. d5 Rhg8 17. dxc6 bxc6 18. Qc1 Qg5 19. f4 Qh6 20. Bxa6+ Kb8 21.
Be5 Bc5 22. b4 Ba7 23. Rd1 Bxe3+ 24. Qxe3 Rxd1+ 25. Rxd1 g5 26. Rd7 gxf4 27.
Bxc7+ Ka8 28. Qxe4 e5 29. Bb7+ Kxb7 30. Bxe5+ Kc8 31. Rc7+ Kd8 32. Bxf4 Re8 33.
Qd4+ Qd6 34. Qxd6# 1-0

[Event "LK jeugd t/m 12 jaar"]
[Site "Buggenum"]
[Date "2007.12.29"]
[Round "9"]
[White "Meeuwissen, Tom"]
[Black "Wing Kee Yiek"]
[Result "1-0"]
[WhiteElo "477"]
[BlackElo "738"]
[PlyCount "165"]
[EventDate "2007.12.28"]
[EventType "tourn"]
[EventRounds "17"]
[EventCountry "NED"]
[Source "P.Boonen"]
[SourceDate "2015.01.01"]

1. e4 e5 2. Nc3 Nc6 3. Nf3 Nf6 4. Bb5 d6 5. Bxc6+ bxc6 6. d3 d5 7. Bg5 dxe4 8.
dxe4 Qxd1+ 9. Kxd1 Bb4 10. Bxf6 Bxc3 11. bxc3 gxf6 12. Nh4 Bg4+ 13. Kc1 O-O-O
14. f3 Be6 15. Rd1 Rxd1+ 16. Kxd1 Rd8+ 17. Ke2 Bc4+ 18. Kf2 Rd2+ 19. Kg3 Rxc2
20. Rd1 Be2 21. Rg1 Rxa2 22. Re1 Rc2 23. Kf2 Bxf3+ 24. Kxf3 Rxc3+ 25. Ke2 Rc4
26. Kd2 Rd4+ 27. Kc3 c5 28. Nf5 Rb4 29. Ne7+ Kd7 30. Nd5 Rb8 31. Nxf6+ Ke6 32.
Nxh7 f6 33. Rf1 Kd6 34. Rxf6+ Ke7 35. Rf5 Ke6 36. Ng5+ Kd6 37. Nf7+ Ke6 38. Rf1
a5 39. h4 a4 40. Ng5+ Kd6 41. h5 Rb3+ 42. Kc4 Rb4+ 43. Kc3 a3 44. h6 a2 45. h7
Rb1 46. h8=Q Rxf1 47. Qh6+ Kd7 48. Qe6+ Kd8 49. Qxa2 Rc1+ 50. Kb2 Rg1 51. Qd5+
Kc8 52. Qe6+ Kb7 53. Qd5+ Kb8 54. Qxc5 Rxg2+ 55. Kb3 Rxg5 56. Qb5+ Kc8 57. Qe8+
Kb7 58. Kb4 Kb6 59. Qb5+ Ka7 60. Kc5 Rg6 61. Qa5+ Ra6 62. Qxc7+ Ka8 63. Qc6+
Rxc6+ 64. Kxc6 Kb8 65. Kd6 Kb7 66. Kxe5 Kc6 67. Kf6 Kd7 68. e5 Ke8 69. Ke6 Kf8
70. Kd7 Kf7 71. e6+ Kf8 72. e7+ Kg7 73. e8=Q Kf6 74. Qe7+ Kg6 75. Ke6 Kh6 76.
Kf6 Kh5 77. Qg7 Kh4 78. Qg5+ Kh3 79. Kg6 Kh2 80. Kf5 Kh3 81. Kf4 Kh2 82. Kf3
Kh1 83. Qg2# 1-0

[Event "LK jeugd t/m 12 jaar"]
[Site "Buggenum"]
[Date "2007.12.29"]
[Round "9"]
[White "Van Meegen, Ruud"]
[Black "Broens, Damian"]
[Result "1-0"]
[WhiteElo "1434"]
[BlackElo "854"]
[PlyCount "125"]
[EventDate "2007.12.28"]
[EventType "tourn"]
[EventRounds "17"]
[EventCountry "NED"]
[Source "P.Boonen"]
[SourceDate "2015.01.01"]

1. e4 e5 2. Nf3 Nc6 3. Bc4 Nf6 4. d3 Bd6 5. O-O O-O 6. c3 b6 7. Bg5 Be7 8. Re1
Ng4 9. Bxe7 Qxe7 10. d4 Qf6 11. h3 Nh6 12. Bd5 Bb7 13. Nxe5 Nxe5 14. dxe5 Qxe5
15. Bxb7 Rab8 16. Bd5 g6 17. Nd2 c6 18. Nf3 Qh5 19. Bb3 Rbe8 20. Qxd7 Ra8 21.
Qxc6 Qc5 22. Qxc5 bxc5 23. Bd5 Rad8 24. c4 a5 25. Re3 Kg7 26. Ra3 Rc8 27. Rxa5
Ng8 28. a3 Nf6 29. b4 cxb4 30. axb4 Nxd5 31. exd5 Rxc4 32. Rb5 Rcc8 33. d6 Ra8
34. Rxa8 Rxa8 35. Rb6 Rd8 36. Rc6 f6 37. b5 Kf7 38. b6 Ke6 39. b7 Rb8 40. Rc7
Kxd6 41. Rxh7 Kc6 42. Nh4 Rxb7 43. Rxb7 Kxb7 44. Nxg6 Kc6 45. f4 Kd6 46. g4 Kd5
47. f5 Ke4 48. Kg2 Ke3 49. h4 Ke4 50. h5 Kd5 51. h6 Kd6 52. h7 Kd7 53. h8=Q Kd6
54. Qd8+ Kc5 55. Qxf6 Kd5 56. Qe6+ Kd4 57. f6 Kd3 58. f7 Kd4 59. f8=R Kd3 60.
Rd8+ Kc3 61. Qc6+ Kb4 62. Rb8+ Ka5 63. Qa8# 1-0

[Event "LK jeugd t/m 12 jaar"]
[Site "Buggenum"]
[Date "2007.12.29"]
[Round "9"]
[White "Van Mulekom, Maureen"]
[Black "Verstappen, Thom"]
[Result "1-0"]
[WhiteElo "903"]
[BlackElo "458"]
[PlyCount "77"]
[EventDate "2007.12.28"]
[EventType "tourn"]
[EventRounds "17"]
[EventCountry "NED"]
[Source "P.Boonen"]
[SourceDate "2015.01.01"]

1. e4 e5 2. Nf3 Bd6 3. Nc3 a5 4. d4 exd4 5. Nxd4 Bc5 6. Be2 Qf6 7. Be3 Bd6 8.
Nd5 Qg5 9. Bxg5 f6 10. Bf4 g5 11. Bxd6 cxd6 12. Nc7+ Kd8 13. Nxa8 h5 14. Nb6
Rh7 15. Nxc8 Kxc8 16. Qd3 Nc6 17. Nxc6 bxc6 18. Qa6+ Kd8 19. Qxa5+ Ke8 20. Bc4
Nh6 21. Qa8+ Ke7 22. Bd3 Ng4 23. e5 fxe5 24. Bxh7 Nh6 25. Bg6 d5 26. Qe8+ Kd6
27. Qf8+ Kc7 28. Qxh6 d4 29. c3 d3 30. Bxd3 d6 31. Qg7+ Kb6 32. b4 c5 33. a4
cxb4 34. cxb4 d5 35. Qf6+ Kb7 36. Rc1 Ka8 37. Rc7 Kb8 38. Rh7 Kc8 39. Qh8# 1-0

[Event "LK jeugd t/m 12 jaar"]
[Site "Buggenum"]
[Date "2007.12.29"]
[Round "9"]
[White "Van Oeteren, Roy"]
[Black "Peeters, Victor"]
[Result "0-1"]
[WhiteElo "792"]
[BlackElo "978"]
[PlyCount "74"]
[EventDate "2007.12.28"]
[EventType "tourn"]
[EventRounds "17"]
[EventCountry "NED"]
[Source "P.Boonen"]
[SourceDate "2015.01.01"]

1. e4 e5 2. Nc3 Bb4 3. Nf3 Bxc3 4. bxc3 Nf6 5. Bd3 Nc6 6. O-O O-O 7. Ba3 d6 8.
Bb5 Bd7 9. d4 d5 10. exd5 Ne7 11. Bxd7 Qxd7 12. dxe5 Nfxd5 13. Qe1 Nf4 14. Rd1
Qg4 15. g3 Nh3+ 16. Kg2 Nf4+ 17. Kg1 Qxf3 18. gxf4 Qg4+ 19. Kh1 Rae8 20. Rg1
Qxf4 21. Rd4 Qf5 22. Rd2 Qe6 23. Qe4 Qxa2 24. Qd4 a6 25. Rdd1 Qe6 26. Qa4 Qc6+
27. Rg2 Qf3 28. Rd3 Qc6 29. e6 fxe6 30. Qg4 Rf7 31. Bxe7 Rexe7 32. Rd8+ Re8 33.
Rxe8+ Qxe8 34. Rg3 g6 35. Rh3 Rxf2 36. Qh4 Qc6+ 37. Kg1 Qg2# 0-1

[Event "LK jeugd t/m 12 jaar"]
[Site "Buggenum"]
[Date "2007.12.29"]
[Round "10"]
[White "Broens, Damian"]
[Black "Meeuwissen, Tom"]
[Result "1/2-1/2"]
[WhiteElo "854"]
[BlackElo "477"]
[PlyCount "58"]
[EventDate "2007.12.28"]
[EventType "tourn"]
[EventRounds "17"]
[EventCountry "NED"]
[Source "P.Boonen"]
[SourceDate "2015.01.01"]

1. e4 e5 2. Nf3 Nc6 3. Nc3 Nf6 4. Bb5 Bb4 5. Bxc6 Bxc3 6. dxc3 dxc6 7. O-O O-O
8. Qxd8 Rxd8 9. Bg5 Bg4 10. Nxe5 h6 11. Bxf6 gxf6 12. Nxg4 Kg7 13. Rad1 Rxd1
14. Rxd1 Re8 15. Re1 h5 16. Nxf6 Kxf6 17. e5+ Rxe5 18. Rxe5 Kxe5 19. g3 f5 20.
Kg2 f4 21. gxf4+ Kxf4 22. b4 b5 23. h3 h4 24. f3 a6 25. a3 Kg5 26. Kf2 Kf4 27.
Ke2 Kg3 28. Ke3 Kxh3 29. f4 Kg3 1/2-1/2

[Event "LK jeugd t/m 12 jaar"]
[Site "Buggenum"]
[Date "2007.12.29"]
[Round "10"]
[White "Cremers, Daan"]
[Black "Van Meegen, Ruud"]
[Result "0-1"]
[WhiteElo "1055"]
[BlackElo "1434"]
[PlyCount "66"]
[EventDate "2007.12.28"]
[EventType "tourn"]
[EventRounds "17"]
[EventCountry "NED"]
[Source "P.Boonen"]
[SourceDate "2015.01.01"]

1. e4 c5 2. Nf3 d6 3. Nc3 Nf6 4. Bc4 Nc6 5. d3 g6 6. O-O Bg7 7. Be3 O-O 8. Qd2
Bg4 9. Qe2 Ne5 10. Kh1 Qc8 11. Rg1 Bxf3 12. gxf3 Nxc4 13. dxc4 Nh5 14. Nd5 Re8
15. Rab1 Qd7 16. c3 Rac8 17. Rbd1 Qa4 18. a3 b6 19. f4 e6 20. e5 dxe5 21. fxe5
exd5 22. Rxd5 Kh8 23. f4 Rcd8 24. Qd1 Qxd1 25. Rgxd1 Ra8 26. b4 cxb4 27. cxb4
Bh6 28. Rf1 f6 29. Bc1 fxe5 30. Rxe5 Bg7 31. Rxe8+ Rxe8 32. Bd2 Re4 33. c5 Bh6
0-1

[Event "LK jeugd t/m 12 jaar"]
[Site "Buggenum"]
[Date "2007.12.29"]
[Round "10"]
[White "De Ridder, Naomi"]
[Black "Van Oeteren, Roy"]
[Result "1-0"]
[WhiteElo "1148"]
[BlackElo "792"]
[PlyCount "37"]
[EventDate "2007.12.28"]
[EventType "tourn"]
[EventRounds "17"]
[EventCountry "NED"]
[Source "P.Boonen"]
[SourceDate "2015.01.01"]

1. e4 e5 2. Nf3 Nc6 3. Nc3 Nf6 4. d4 exd4 5. Nxd4 Bb4 6. Bg5 O-O 7. Nxc6 bxc6
8. e5 h6 9. Bh4 Bxc3+ 10. bxc3 d6 11. exf6 gxf6 12. Be2 Qe8 13. O-O Ba6 14.
Bxa6 c5 15. Bxf6 Qe6 16. Bh4 c4 17. Re1 Qf5 18. Bxc4 d5 19. Bxd5 1-0

[Event "LK jeugd t/m 12 jaar"]
[Site "Buggenum"]
[Date "2007.12.29"]
[Round "10"]
[White "Huibers, Lars"]
[Black "Linssen, Freek"]
[Result "0-1"]
[WhiteElo "721"]
[BlackElo "1146"]
[PlyCount "74"]
[EventDate "2007.12.28"]
[EventType "tourn"]
[EventRounds "17"]
[EventCountry "NED"]
[Source "P.Boonen"]
[SourceDate "2015.01.01"]

1. e4 c5 2. Nf3 d6 3. Nc3 Nc6 4. Bc4 Nf6 5. O-O g6 6. d3 Bg7 7. Bg5 O-O 8. Qe2
Bd7 9. Rad1 a6 10. Bxf6 Bxf6 11. a3 b5 12. Ba2 b4 13. Nd5 Bxb2 14. a4 e6 15.
Ne3 Nd4 16. Nxd4 Bxd4 17. Bb3 a5 18. c4 f5 19. exf5 exf5 20. Nd5 Bc6 21. Nf4
Qg5 22. g3 Rae8 23. Qd2 Be5 24. Nh3 Qh5 25. Ng5 h6 26. Ne4 fxe4 27. dxe4 Bxe4
28. f3 Bxf3 29. Rxf3 Rxf3 30. Kg2 Rxb3 31. Rf1 Rb2 32. Qxb2 Bxb2 33. Rf2 Bd4
34. Rf1 Qe2+ 35. Rf2 Qxf2+ 36. Kh3 g5 37. g4 Re3# 0-1

[Event "LK jeugd t/m 12 jaar"]
[Site "Buggenum"]
[Date "2007.12.29"]
[Round "10"]
[White "Katoen, Tom"]
[Black "Klokgieters, Jeroen"]
[Result "0-1"]
[WhiteElo "832"]
[BlackElo "944"]
[PlyCount "82"]
[EventDate "2007.12.28"]
[EventType "tourn"]
[EventRounds "17"]
[EventCountry "NED"]
[Source "P.Boonen"]
[SourceDate "2015.01.01"]

1. c4 e5 2. d3 Nf6 3. Nf3 Nc6 4. Nc3 Bc5 5. g3 O-O 6. Bg2 h6 7. O-O d6 8. a3 a6
9. b4 Bb6 10. Rb1 Bd4 11. Nxd4 Nxd4 12. e3 Ne6 13. Nd5 Nxd5 14. Bxd5 c6 15. Bg2
Bd7 16. d4 exd4 17. exd4 a5 18. bxa5 Rxa5 19. Rxb7 c5 20. d5 Nd4 21. Qd2 Bf5
22. Qe3 Qa8 23. Re1 Qxb7 24. Qd2 Raa8 25. Qf4 Rae8 26. Be3 Re5 27. g4 Be4 28.
Bxe4 Ra8 29. Ra1 Ne2+ 30. Kg2 Nxf4+ 31. Bxf4 Rxe4 32. Bxd6 Rxc4 33. Rd1 Rxa3
34. Bg3 Rxg4 35. f3 Rd4 36. Re1 Rxd5 37. Re8+ Kh7 38. Rb8 Qd7 39. Rb2 Rd2+ 40.
Rxd2 Qxd2+ 41. Kh3 c4 0-1

[Event "LK jeugd t/m 12 jaar"]
[Site "Buggenum"]
[Date "2007.12.29"]
[Round "10"]
[White "Wing Kee Yiek"]
[Black "Van Mulekom, Maureen"]
[Result "1/2-1/2"]
[WhiteElo "738"]
[BlackElo "903"]
[PlyCount "48"]
[EventDate "2007.12.28"]
[EventType "tourn"]
[EventRounds "17"]
[EventCountry "NED"]
[Source "P.Boonen"]
[SourceDate "2015.01.01"]

1. e4 e5 2. Nf3 Nc6 3. Nc3 Nf6 4. Bb5 Bb4 5. Bxc6 dxc6 6. Nxe5 O-O 7. O-O Bxc3
8. Nd3 Ba5 9. b4 Bb6 10. Ba3 Nxe4 11. b5 c5 12. c3 Bd7 13. c4 Nd6 14. Qe2 c6
15. bxc6 bxc6 16. Bxc5 Bxc5 17. Nxc5 Bc8 18. a4 Qg5 19. d3 Bh3 20. Qf3 Bg4 21.
Qg3 h6 22. Qxd6 Bh3 23. Qg3 Qxg3 24. fxg3 Bc8 1/2-1/2

[Event "LK jeugd t/m 12 jaar"]
[Site "Buggenum"]
[Date "2007.12.29"]
[Round "10"]
[White "Yue, Tim"]
[Black "Peeters, Victor"]
[Result "0-1"]
[WhiteElo "1325"]
[BlackElo "978"]
[PlyCount "112"]
[EventDate "2007.12.28"]
[EventType "tourn"]
[EventRounds "17"]
[EventCountry "NED"]
[Source "P.Boonen"]
[SourceDate "2015.01.01"]

1. e4 e5 2. Nf3 Nf6 3. Nc3 Nc6 4. d4 d5 5. dxe5 dxe4 6. Qxd8+ Kxd8 7. Ng5 Nxe5
8. Ngxe4 Nxe4 9. Nxe4 Bf5 10. Bf4 Bxe4 11. O-O-O+ Nd7 12. Bc4 f6 13. f3 Bc6 14.
Be6 Bc5 15. Rhe1 Re8 16. Rd3 Re7 17. Bg3 Bb4 18. c3 Bc5 19. b4 Bd6 20. Bxd6
cxd6 21. Rxd6 Kc7 22. Rdd1 Rae8 23. Bxd7 Bxd7 24. Rxe7 Rxe7 25. Rd2 Be6 26. a4
Bb3 27. a5 Rd7 28. Re2 b6 29. a6 b5 30. h3 Kb6 31. Kb2 Bc4 32. Rf2 Kxa6 33. Kc2
Kb6 34. g4 a5 35. h4 axb4 36. cxb4 g5 37. hxg5 fxg5 38. Rd2 Rxd2+ 39. Kxd2 Kc6
40. Ke3 Kd6 41. f4 gxf4+ 42. Kxf4 Kd5 43. g5 Kd4 44. Kf3 Kc3 45. Ke3 Kxb4 46.
Kd2 Ka3 47. Kc3 Bg8 48. Kc2 b4 49. Kb1 Kb3 50. Ka1 Kc3 51. Kb1 Kd4 52. Kc2 Ke5
53. Kd3 Kf5 54. Ke3 Kxg5 55. Kf3 b3 56. Ke4 b2 0-1

[Event "LK jeugd t/m 12 jaar"]
[Site "Buggenum"]
[Date "2007.12.29"]
[Round "11"]
[White "Klokgieters, Jeroen"]
[Black "Yue, Tim"]
[Result "0-1"]
[WhiteElo "944"]
[BlackElo "1325"]
[PlyCount "60"]
[EventDate "2007.12.28"]
[EventType "tourn"]
[EventRounds "17"]
[EventCountry "NED"]
[Source "P.Boonen"]
[SourceDate "2015.01.01"]

1. e4 c5 2. Nf3 d6 3. Nc3 Nc6 4. Bc4 Nf6 5. O-O g6 6. h3 Bg7 7. d3 O-O 8. Bf4
Bd7 9. Nd5 Nxd5 10. Bxd5 Rb8 11. Bxc6 Bxc6 12. Rb1 Qa5 13. a3 b5 14. Bd2 Qc7
15. b4 Bd7 16. bxc5 Qxc5 17. Bb4 Qc7 18. Re1 Rfc8 19. Rb2 Bxb2 20. Re2 a5 21.
Bd2 Qxc2 22. Qxc2 Rxc2 23. Ne1 Rcc8 24. Bxa5 Bxa3 25. e5 dxe5 26. Rxe5 Bd6 27.
Rd5 Be6 28. Rd4 b4 29. Bxb4 Rxb4 30. Rxb4 Bxb4 0-1

[Event "LK jeugd t/m 12 jaar"]
[Site "Buggenum"]
[Date "2007.12.29"]
[Round "11"]
[White "Linssen, Freek"]
[Black "Katoen, Tom"]
[Result "1-0"]
[WhiteElo "1146"]
[BlackElo "832"]
[PlyCount "67"]
[EventDate "2007.12.28"]
[EventType "tourn"]
[EventRounds "17"]
[EventCountry "NED"]
[Source "P.Boonen"]
[SourceDate "2015.01.01"]

1. e4 c5 2. Nf3 d6 3. d4 cxd4 4. Nxd4 Nf6 5. Nc3 g6 6. Bb5+ Nc6 7. Nxc6 bxc6 8.
Bxc6+ Bd7 9. Bxa8 Qxa8 10. Qd3 Bg7 11. Bg5 O-O 12. e5 Ng4 13. Bxe7 Re8 14. Bxd6
Qxg2 15. O-O-O Nxf2 16. Qf1 Qg5+ 17. Kb1 Nxd1 18. Qxd1 Bxe5 19. Bxe5 Rxe5 20.
Qxd7 Ra5 21. a3 Kg7 22. Qd4+ Kg8 23. Re1 f6 24. Qd7 Re5 25. Rd1 a6 26. Qc7 Re8
27. Ne4 Qe5 28. Qxe5 fxe5 29. Nf6+ Kf7 30. Nxe8 Kxe8 31. Re1 Kf7 32. Rxe5 Kf6
33. Ra5 Kg7 34. Rxa6 1-0